| 000 | 01617nam a2200397Ia 4500 | ||
|---|---|---|---|
| 001 | ebr10484074 | ||
| 003 | CaPaEBR | ||
| 006 | m u | ||
| 007 | cr cn||||||||| | ||
| 008 | 911219s1990 ne a sb 000 0 eng d | ||
| 010 | _z 90023244 | ||
| 020 | _z9789027250186 | ||
| 020 | _z9027250189 | ||
| 020 | _z1556191103 | ||
| 040 |
_aCaPaEBR _cCaPaEBR |
||
| 035 | _a(OCoLC)742361652 | ||
| 050 | 1 | 4 |
_aPE1128.A2 _bY628 1990eb |
| 100 | 1 | _aYoung, Lynne. | |
| 245 | 1 | 0 |
_aLanguage as behaviour, language as code _h[electronic resource] : _ba study of academic English / _cLynne Young. |
| 246 | 3 | _aLanguage as behavior, language as code | |
| 246 | 3 | _aLanguage, behaviour and code | |
| 260 |
_aAmsterdam ; _aPhiladelphia : _bJ. Benjamins Pub., _c1990. |
||
| 300 |
_aix, 304 p. : _bill. |
||
| 490 | 1 |
_aPragmatics & beyond ; _vnew ser. 8 |
|
| 504 | _aIncludes bibliographical references. | ||
| 533 |
_aElectronic reproduction. _bPalo Alto, Calif. : _cebrary, _d2013. _nAvailable via World Wide Web. _nAccess may be limited to ebrary affiliated libraries. |
||
| 650 | 0 |
_aEnglish language _xStudy and teaching (Higher) _xForeign speakers _xSocial aspects. |
|
| 650 | 0 |
_aInterdisciplinary approach in education _xSocial aspects. |
|
| 650 | 0 |
_aEducation, Higher _xSocial aspects. |
|
| 650 | 0 |
_aEnglish language _xSocial aspects. |
|
| 650 | 0 | _aPragmatics. | |
| 655 | 7 |
_aElectronic books. _2local |
|
| 710 | 2 | _aebrary, Inc. | |
| 830 | 0 |
_aPragmatics & beyond ; _vnew ser. 8. |
|
| 856 | 4 | 0 |
_uhttp://site.ebrary.com/lib/rucke/Doc?id=10484074 _zAn electronic book accessible through the World Wide Web; click to view |
| 999 |
_c120614 _d120614 |
||